| 000 | 02068cgm a2200517 c 4500 | ||
|---|---|---|---|
| 001 | 33450 | ||
| 003 | DO-SdBNP | ||
| 005 | 20180207130519.0 | ||
| 007 | 33450 | ||
| 008 | 140904s2000 sp a 085 | ||
| 015 | _a | ||
| 017 |
_a _b |
||
| 020 | _a8420446696 | ||
| 028 | 4 | 0 |
_a _b |
| 035 | _a(OCoLC) | ||
| 040 |
_aBPMSU _bspa _cBPMSU _e |
||
| 041 |
_aspa _j |
||
| 082 |
_a813.5 _bW582s |
||
| 084 |
_a _2 |
||
| 100 |
_aWhite, E. B. _d1899-1985 |
||
| 130 | 0 |
_aStuart Little _lPolíglota |
|
| 240 |
_aStuart little. _lEspañol |
||
| 245 | 1 | 0 |
_aStuart Little / _c E. B. White ; traducción de Héctor Silva ; ilustraciones Garth Williams. |
| 260 |
_aMadrid : _bAlfaguara, _c 2000 |
||
| 300 |
_a 142 p. _b ils. ; _e21 cm. |
||
| 336 |
_a _2 |
||
| 337 |
_a _2 |
||
| 490 | _aAlfaguara infantil | ||
| 500 | _aIncluye contenido extra | ||
| 511 | _aVoces en inglés: Michael J. Fox, Geena Davis, Hugh Laurie | ||
| 518 | _aLargometraje realizado en 1999, coproducido por Alemania y Estados Unidos | ||
| 520 | 3 | _aUna familia neoyorquina adopta un ratón, Stuart Little. Éste tendrá que adaptarse a la vida con la familia Little y no será nada fácil | |
| 521 | _aAutorizada para todos los públicos | ||
| 546 | _aVersiones en castellano, catalán, alemán, checo, griego, italiano, polaco, portugués, ruso, turco e inglés, con subtítulos opcionales en español, portugués, inglés, alemán, árabe, checo, eslovaco, griego, hindi, italiano, polaco y turco | ||
| 586 | _aPremios: "ASCAP Film and Television Music Awards" (2000), "Satellite Awards" (2000), "Young Artist Awards" (2000) | ||
| 650 | _aCUENTOS INFANTILES ESTADOUNIDENSE | ||
| 650 | _aLITERATURA INFANTIL ESTADOUNIDENSE | ||
| 655 | 7 | 7 |
_aCine de aventuras y acción _2tgfbne |
| 655 | 7 | 7 |
_aComedia cinematográfica _2tgfbne |
| 700 |
_a Silva, Héctor _d ilustraciones _etr. |
||
| 700 |
_aWilliams, Garth _eils. |
||
| 830 | _aAlfaguara juvenil | ||
| 942 |
_2ddc _cBK |
||
| 945 | _ainventariado, 2018 / dg | ||
| 956 |
_aVMATEO _b10 _c20161130 _dBPMSU _f0069 |
||
| 999 |
_c12209 _d12209 |
||